000 01164nam a2200253 i 4500
001 181879
003 ES-MaACL
005 20250829034409.0
008 130503s2008 sp | |||| ||spa d
020 _a978-84-95345-49-3
080 _a821.134.2-14"19"
100 0 _aRuiz Amezcua, Manuel,
_d1952-
_9100652
245 1 4 _aUna verdad extraña
_b: (poesía 1974-2005) /
_cManuel Ruiz Amezcua ; prólogo de Antonio Muñoz Molina ; epílogo de José Francisco Ruiz Casanova.
250 _a3ª ed. corr. y aum.
260 _aBarcelona :
_bOctaedro,
_c2008.
300 _a575 p. ;
_c22 cm.
505 8 _aContiene: Humana raíz -- Dialética de las sombras -- Oscuro cauce oculto -- Cavernas del sentido -- Más allá del muro -- El espanto y la mirada -- Las voces imposibles -- Atravesando el fuego -- Donde la huida -- Contra vosotros
700 1 _aMuñoz Molina, Antonio,
_d1956-
_984461
700 1 _aCasanova, Julián.
_936101
852 _aES-MaACL
_jA-12691
_9188787
_bR.147114
_cDEPO1
_dOlim: N-5692
_xDonación: Real Academia Española
914 _96336
_aReal Academia Española
_ednr
942 _2udc
_cMONOGRAFIA
999 _c181879
_d181879